<?xml version="1.0" encoding="UTF-8"?>
<record
    xmlns:xsi="http://www.w3.org/2001/XMLSchema-instance"
    xsi:schemaLocation="http://www.loc.gov/MARC21/slim http://www.loc.gov/standards/marcxml/schema/MARC21slim.xsd"
    xmlns="http://www.loc.gov/MARC21/slim">

  <leader>01294nab a2200361uuc4500</leader>
  <controlfield tag="001">1010063</controlfield>
  <controlfield tag="005">20241213091045.0</controlfield>
  <controlfield tag="008">061214s2004                        eng  </controlfield>
  <datafield tag="035" ind1=" " ind2=" ">
    <subfield code="a">1010063</subfield>
  </datafield>
  <datafield tag="035" ind1=" " ind2=" ">
    <subfield code="a">(OCoLC)820140505</subfield>
  </datafield>
  <datafield tag="040" ind1=" " ind2=" ">
    <subfield code="c">comduadb</subfield>
  </datafield>
  <datafield tag="041" ind1=" " ind2=" ">
    <subfield code="a">eng</subfield>
  </datafield>
  <datafield tag="100" ind1="1" ind2="0">
    <subfield code="a">Derwing, Tracey M.</subfield>
    <subfield code="4">aut</subfield>
    <subfield code="e">aut</subfield>
    <subfield code="9">346263</subfield>
  </datafield>
  <datafield tag="245" ind1="1" ind2="0">
    <subfield code="a">Second language fluency : judgments on different tasks</subfield>
  </datafield>
  <datafield tag="260" ind1=" " ind2=" ">
    <subfield code="c">2004.</subfield>
  </datafield>
  <datafield tag="650" ind1=" " ind2=" ">
    <subfield code="a">Fluency (linguistics)</subfield>
    <subfield code="9">156208</subfield>
  </datafield>
  <datafield tag="650" ind1=" " ind2=" ">
    <subfield code="a">Fluidez (Linguistica)</subfield>
    <subfield code="9">131174</subfield>
  </datafield>
  <datafield tag="650" ind1=" " ind2="7">
    <subfield code="a">Adquisici&#xF3;n de segundo lenguaje</subfield>
    <subfield code="2">lemb</subfield>
    <subfield code="9">73658</subfield>
  </datafield>
  <datafield tag="650" ind1=" " ind2=" ">
    <subfield code="a">English language</subfield>
    <subfield code="9">77815</subfield>
  </datafield>
  <datafield tag="650" ind1=" " ind2=" ">
    <subfield code="a">Ingl&#xE9;s</subfield>
    <subfield code="9">77095</subfield>
  </datafield>
  <datafield tag="650" ind1=" " ind2=" ">
    <subfield code="a">Phonetics</subfield>
    <subfield code="9">110590</subfield>
  </datafield>
  <datafield tag="650" ind1=" " ind2="7">
    <subfield code="a">Fon&#xE9;tica</subfield>
    <subfield code="2">embne</subfield>
    <subfield code="9">33426</subfield>
  </datafield>
  <datafield tag="650" ind1=" " ind2=" ">
    <subfield code="a">Listening</subfield>
    <subfield code="9">125736</subfield>
  </datafield>
  <datafield tag="650" ind1=" " ind2="7">
    <subfield code="a">Escucha</subfield>
    <subfield code="6">http://vocabularies.unesco.org/thesaurus/concept5826</subfield>
    <subfield code="2"></subfield>
    <subfield code="9">62791</subfield>
  </datafield>
  <datafield tag="650" ind1=" " ind2=" ">
    <subfield code="a">Prosody</subfield>
    <subfield code="9">141481</subfield>
  </datafield>
  <datafield tag="650" ind1=" " ind2=" ">
    <subfield code="a">Prosodia</subfield>
    <subfield code="9">141479</subfield>
  </datafield>
  <datafield tag="650" ind1=" " ind2="7">
    <subfield code="a">Adquisici&#xF3;n de segundo lenguaje</subfield>
    <subfield code="2">lemb</subfield>
    <subfield code="9">73658</subfield>
  </datafield>
  <datafield tag="700" ind1="1" ind2="0">
    <subfield code="a">Rossiter, Marian J.</subfield>
    <subfield code="4">aut</subfield>
    <subfield code="e">aut</subfield>
    <subfield code="9">428964</subfield>
  </datafield>
  <datafield tag="700" ind1="1" ind2="0">
    <subfield code="a">Munro, Murray J.</subfield>
    <subfield code="4">aut</subfield>
    <subfield code="e">aut</subfield>
    <subfield code="9">346262</subfield>
  </datafield>
  <datafield tag="700" ind1="1" ind2="0">
    <subfield code="a">Thomson, Ron I.</subfield>
    <subfield code="4">aut</subfield>
    <subfield code="e">aut</subfield>
    <subfield code="9">428965</subfield>
  </datafield>
  <datafield tag="773" ind1="0" ind2=" ">
    <subfield code="t">Language Learning : a Journal of Research in Language Studies ( Estados Unidos)</subfield>
    <subfield code="g">Vol. 54, No. 04, Dec. 2004, p. 655-679</subfield>
    <subfield code="w">686241</subfield>
    <subfield code="x">0023-8333</subfield>
    <subfield code="0">209019</subfield>
  </datafield>
  <datafield tag="942" ind1=" " ind2=" ">
    <subfield code="c">ARIMP</subfield>
  </datafield>
  <datafield tag="999" ind1=" " ind2=" ">
    <subfield code="c">406774</subfield>
    <subfield code="d">406774</subfield>
  </datafield>
</record>
